Výbor ze starší pražské univerzitní literatury = Textus selecti Universitatis Pragensis vetustiores /
| Hlavní autor: | Tříška, Josef, 1922-2005 |
|---|---|
| Jazyk: | Němčina Latina Čeština |
| Vydáno: |
Praha : Univerzita Karlova, 1977 |
| Vydání: | 1. vyd. |
| Edice: |
Knižnice Archivu Univerzity Karlovy
|
| Témata: | |
| Externí odkaz: |
Digitalizovaný dokument
|
| Fyzický popis: |
305 s. ; 21 cm |
| Language note: |
Část. latinský a německý text |
| LEADER | 01440nam a22003732a 4500 | ||
|---|---|---|---|
| 001 | 000841075 | ||
| 003 | CZ BrMZK | ||
| 005 | 20070208135813.0 | ||
| 007 | ta | ||
| 008 | 070208s1977 xr er|||||||||||cze d | ||
| 015 | |a cnb000040531 | ||
| 035 | |a (OCoLC)39425329 | ||
| 040 | |a ABA001 |b cze |d BOA001 | ||
| 041 | 1 | |a cze |a ger |a lat |b eng |b lat |b rus | |
| 080 | 9 | |a 378.4 | |
| 080 | 9 | |a 885.0-82 | |
| 080 | 9 | |a 873.3-82 | |
| 100 | 1 | |a Tříška, Josef, |d 1922-2005 |7 jk01140305 |4 aut | |
| 245 | 1 | 0 | |a Výbor ze starší pražské univerzitní literatury = |b Textus selecti Universitatis Pragensis vetustiores / |c Josef Tříška |
| 246 | 3 | 1 | |a Textus selecti Universitatis Pragensis vetustiores |
| 250 | |a 1. vyd. | ||
| 260 | |a Praha : |b Univerzita Karlova, |c 1977 | ||
| 300 | |a 305 s. ; |c 21 cm | ||
| 490 | 1 | |a Knižnice Archivu Univerzity Karlovy ; |v sv. 6 | |
| 546 | |a Část. latinský a německý text | ||
| 546 | |a Anglické, latinské a ruské resumé | ||
| 504 | |a Obsahuje bibliografické odkazy a rejstřík | ||
| 830 | 0 | |a Knižnice Archivu Univerzity Karlovy |0 s | |
| 856 | 4 | 1 | |u http://www.digitalniknihovna.cz/mzk/uuid/uuid:a3670c50-ab27-11e2-b6da-005056827e52 |y Digitalizovaný dokument |x NDK |
| 910 | |a BOA001 |b 2-0918.895 | ||
| 964 | |a Praha - Karlova univerzita - univerzitní texty - 14.-19. století | ||
| 990 | |a BK | ||
| 991 | |b 200701 | ||
| 996 | 6 | |b 2619299011 |c 2-0918.895 |l MZK |r Sklad / do 1 hodiny |n 3 |w 000841075 |u 000010 |a 1 |e BOA001 |j MZK50 |s P | |
English
Čeština 